000 00381nmm a2200145Ia 4500
008 251105s9999||||xx |||||||||||||||||und||
041 _aspa
100 _aBrisbin, Terri
245 0 _aEl mercenario
264 _a[Madrid, España] :
_bHarlequin,
_c2010
300 _a170 páginas
650 _aRomance
856 _uhttps://public.digitaliapublishing.com/a/32698
942 _cCF
999 _c104327
_d104327